[Event "Mitropa Cup Open 2019"]
[Site "Radenci"]
[Date "2019.05.30"]
[Round "4.13"]
[White "Perske, Thore"]
[Black "Travadon, Loic"]
[Result "0-1"]
[WhiteElo "2456"]
[BlackElo "2441"]
[Annotator "ChessBase"]
[PlyCount "118"]
[EventDate "2019.05.27"]
[EventType "team-tourn"]
[EventCountry "SLO"]
[SourceTitle "playchess.com"]
[Source "ChessBase"]
[SourceQuality "1"]
[WhiteTeam "Germany"]
[BlackTeam "France"]
[WhiteTeamCountry "GER"]
[BlackTeamCountry "FRA"]
[TimeControl "40/5400+30:1800+30"]

1. e4 {[%emt 0:00:00]} c5 {[%emt 0:00:00]} 2. Nf3 {[%emt 0:00:00]} Nc6 {[%emt 0:00:00]} 3. Bb5 {[%emt 0:00:25]} d6 {[%emt 0:01:31]} 4. Bxc6+ {[%emt 0:02:00]} bxc6 {[%emt 0:00:03]} 5. e5 {[%emt 0:00:15]} f6 {[%emt 0:08:56]} 6. exd6 {[%emt 0:02:13]} e5 {[%emt 0:01:00]} 7. O-O {[%emt 0:19:04]} Bxd6 {[%emt 0:00:03]} 8. c3 {[%emt 0:02:20]} Ba6 {[%emt 0:07:50]} 9. d3 {[%emt 0:04:07]} Ne7 {[%emt 0:00:31]} 10. Re1 {[%emt 0:08:02]} O-O 11. d4 {[%emt 0:00:00]} Ng6 {[%emt 0:17:08]} 12. dxe5 {[%emt 0:15:00]} Nxe5 {[%emt 0:00:34]} 13. Nxe5 {[%emt 0:00:26]} Bxe5 {[%emt 0:00:36]} 14. Qxd8 {[%emt 0:00:06]} Rfxd8 {[%emt 0:00:51]} 15. Be3 {[%emt 0:06:37]} Rab8 {[%emt 0:02:30]} 16. b3 {[%emt 0:02:59]} c4 {[%emt 0:01:32]} 17. Bxa7 {[%emt 0:11:02]} Ra8 {[%emt 0:00:16]} 18. Bd4 {[%emt 0:04:47]} Rxd4 {[%emt 0:12:31]} 19. cxd4 Bxd4 {[%emt 0:00:01]} 20. Na3 {[%emt 0:07:43]} Bxa1 {[%emt 0:00:19]} 21. Rxa1 {[%emt 0:00:02]} c3 {[%emt 0:01:46]} 22. Rc1 {[%emt 0:00:06]} Bb7 {[%emt 0:01:04]} 23. Nb1 {[%emt 0:01:33]} Rxa2 {[%emt 0:00:35]} 24. Nxc3 {[%emt 0:00:06]} Rb2 {[%emt 0:00:20]} 25. Rb1 {[%emt 0:00:06]} Rc2 {[%emt 0:00:32]} 26. Nd1 {[%emt 0:00:06]} Kf7 {[%emt 0:02:03]} 27. Ne3 {[%emt 0:01:42]} Rc3 {[%emt 0:00:54]} 28. Kf1 {[%emt 0:00:57]} f5 {[%emt 0:01:26]} 29. g3 {[%emt 0:02:57]} g5 {[%emt 0:01:11]} 30. Ke1 {[%emt 0:00:52]} Ba6 {[%emt 0:00:43]} 31. Ra1 {[%emt 0:05:16]} Bd3 {[%emt 0:02:07]} 32. Ra7+ {[%emt 0:00:11]} Kg6 {[%emt 0:00:19]} 33. Rc7 {[%emt 0:00:54]} Be4 {[%emt 0:00:46]} 34. Rb7 {[%emt 0:02:52]} f4 {[%emt 0:01:26]} 35. Re7 {[%emt 0:00:32]} Bf3 {[%emt 0:00:57]} 36. gxf4 {[%emt 0:01:09]} gxf4 {[%emt 0:00:03]} 37. Nc4 {[%emt 0:00:14]} Bd5 {[%emt 0:00:32]} 38. Nd2 {[%emt 0:01:35]} Rh3 {[%emt 0:00:20]} 39. Re8 {[%emt 0:00:32]} Rxh2 {[%emt 0:00:12]} 40. Rf8 {[%emt 0:00:00]} Kg5 {[%emt 0:00:00]} 41. Ke2 {[%emt 0:04:34]} Rh3 {[%emt 0:04:59]} 42. f3 {[%emt 0:06:31]} h5 {[%emt 0:01:13]} 43. b4 {[%emt 0:03:47]} h4 {[%emt 0:03:21]} 44. Rh8 {[%emt 0:04:42]} Rh2+ {[%emt 0:01:04]} 45. Ke1 {[%emt 0:00:14]} Kf6 {[%emt 0:04:28]} 46. Ne4+ {[%emt 0:01:27]} Bxe4 {[%emt 0:00:24]} 47. fxe4 {[%emt 0:00:02]} Ke5 {[%emt 0:00:32]} 48. Rc8 {[%emt 0:02:17]} Kxe4 {[%emt 0:01:12]} 49. Rxc6 {[%emt 0:00:07]} Rb2 {[%emt 0:00:28]} 50. Rc3 {[%emt 0:03:48]} Rxb4 {[%emt 0:01:01]} 51. Kf2 {[%emt 0:02:54]} Rb2+ {[%emt 0:00:05]} 52. Kg1 {[%emt 0:00:05]} f3 {[%emt 0:01:22]} 53. Rc8 {[%emt 0:00:53]} Rg2+ {[%emt 0:00:27]} 54. Kf1 {[%emt 0:00:22]} h3 {[%emt 0:00:34]} 55. Re8+ {[%emt 0:00:08]} Kd4 {[%emt 0:00:12]} 56. Rd8+ {[%emt 0:00:33]} Ke5 {[%emt 0:00:05]} 57. Re8+ {[%emt 0:01:30]} Kd6 {[%emt 0:00:07]} 58. Rd8+ {[%emt 0:02:59]} Kc6 {[%emt 0:00:04]} 59. Rc8+ {[%emt 0:00:23]} Kb7 {[%emt 0:00:03]} 0-1

[Event "Mitropa Cup Open 2019"]
[Site "Radenci"]
[Date "2019.05.30"]
[Round "4.14"]
[White "Joie, Sebastien"]
[Black "Kunin, Vitaly"]
[Result "1/2-1/2"]
[WhiteElo "2425"]
[BlackElo "2518"]
[Annotator "TA"]
[PlyCount "43"]
[EventDate "2019.05.27"]
[EventType "team-tourn"]
[EventCountry "SLO"]
[SourceTitle "playchess.com"]
[Source "ChessBase"]
[SourceQuality "1"]
[WhiteTeam "FRA"]
[BlackTeam "GER"]
[WhiteTeamCountry "FRA"]

{[%evp 13,43,54,55,57,63,39,57,48,46,45,70,31,22,14,16,6,17,25,30,10,39,27,13,11,28,4,14,0,29,0,32,0]} 1. d4 e6 2. e4 d5 3. Nd2 dxe4 4. Nxe4 Bd7 5. Nf3 Bc6 6. Bd3 Nd7 7. c3 Ngf6 8. Nxf6+ {C10: French with 3 Nc3: Unusual Black 3rd moves and 3...dxe4} Nxf6 9. Bf4 Bd6 10. Ne5 Nd5 11. Bg3 O-O $146 ({Predecessor:} 11... Bxe5 12. Bxe5 Qg5 13. Be4 O-O-O 14. h4 Qe7 15. Qe2 f6 {1-0 (36) Sevian,S (2531)-Iotov,V (2579) Richardson 2015}) 12. Nxc6 bxc6 13. O-O (13. Rb1 {looks sharper.} c5 14. dxc5 Bxc5 15. Bc2 Qe7 16. O-O) 13... Bxg3 14. hxg3 a5 15. Qc2 g6 16. Rfe1 Kg7 17. Re5 Qd6 18. Rae1 Nf6 19. Qa4 {White wants to play Rc5.} Nd5 20. Qc2 Nf6 21. Qa4 Nd5 22. Qc2 {Accuracy: White = 27%, Black = 45%.} 1/2-1/2

[Event "Mitropa Cup Open 2019"]
[Site "Radenci"]
[Date "2019.05.30"]
[Round "4.15"]
[White "Lagunow, Raphael"]
[Black "Di Nicolantonio, Lucas"]
[Result "1/2-1/2"]
[WhiteElo "2420"]
[BlackElo "2379"]
[Annotator "ChessBase"]
[PlyCount "64"]
[EventDate "2019.05.27"]
[EventType "team-tourn"]
[EventCountry "SLO"]
[SourceTitle "playchess.com"]
[Source "ChessBase"]
[SourceQuality "1"]
[WhiteTeam "Germany"]
[BlackTeam "France"]
[WhiteTeamCountry "GER"]
[BlackTeamCountry "FRA"]
[TimeControl "40/5400+30:1800+30"]

1. e4 {[%emt 0:00:00]} c5 {[%emt 0:00:00]} 2. Nf3 {[%emt 0:00:11]} d6 {[%emt 0:00:00]} 3. d4 {[%emt 0:00:23]} cxd4 {[%emt 0:00:03]} 4. Nxd4 {[%emt 0:00:05]} Nf6 {[%emt 0:00:08]} 5. Nc3 {[%emt 0:00:05]} a6 {[%emt 0:00:18]} 6. Bg5 {[%emt 0:00:26]} e6 {[%emt 0:00:31]} 7. f4 {[%emt 0:01:35]} h6 {[%emt 0:00:29]} 8. Bh4 {[%emt 0:01:06]} Qb6 {[%emt 0:00:21]} 9. a3 {[%emt 0:06:54]} Be7 {[%emt 0:02:24]} 10. Bf2 {[%emt 0:01:19]} Qc7 {[%emt 0:00:44]} 11. Qe2 {[%emt 0:18:15]} e5 {[%emt 0:17:11]} 12. Nf5 {[%emt 0:07:44]} Bxf5 {[%emt 0:01:32]} 13. exf5 {[%emt 0:00:06]} exf4 {[%emt 0:07:14]} 14. O-O-O {[%emt 0:00:57]} O-O {[%emt 0:00:15]} 15. Qf3 {[%emt 0:03:06]} Nbd7 {[%emt 0:07:15]} 16. Qxf4 {[%emt 0:05:29]} Rfc8 {[%emt 0:00:29]} 17. Kb1 {[%emt 0:03:10]} Ne5 {[%emt 0:11:03]} 18. Be2 {[%emt 0:12:00]} d5 {[%emt 0:05:21]} 19. Bd4 {[%emt 0:08:05]} Bd6 {[%emt 0:00:33]} 20. Qc1 {[%emt 0:00:11]} b5 {[%emt 0:04:51]} 21. Bxe5 {[%emt 0:07:14]} Bxe5 {[%emt 0:00:15]} 22. Nxd5 {[%emt 0:00:09]} Nxd5 {[%emt 0:02:12]} 23. Rxd5 {[%emt 0:00:02]} Rab8 {[%emt 0:01:48]} 24. c3 {[%emt 0:04:31]} Bf6 {[%emt 0:02:42]} 25. g3 {[%emt 0:05:32]} Qe7 {[%emt 0:19:26]} 26. Qd1 {[%emt 0:11:18]} Qe4+ {[%emt 0:10:58]} 27. Rd3 {[%emt 0:00:35]} a5 {[%emt 0:01:05]} 28. Bf3 {[%emt 0:00:27]} Qc4 {[%emt 0:00:40]} 29. Bd5 {[%emt 0:01:26]} Qc7 {[%emt 0:01:04]} 30. Bb3 {[%emt 0:00:53]} Rd8 {[%emt 0:02:04]} 31. Rxd8+ {[%emt 0:00:55]} Rxd8 {[%emt 0:00:05]} 32. Qc2 {[%emt 0:00:05]} Qe5 {[%emt 0:02:07]} 1/2-1/2

[Event "Mitropa Cup Open 2019"]
[Site "Radenci"]
[Date "2019.05.30"]
[Round "4.16"]
[White "Eugene, Floryan"]
[Black "Schmidek, Emil"]
[Result "1-0"]
[WhiteElo "2303"]
[BlackElo "2396"]
[Annotator "ChessBase"]
[PlyCount "95"]
[EventDate "2019.05.27"]
[EventType "team-tourn"]
[EventCountry "SLO"]
[SourceTitle "playchess.com"]
[Source "ChessBase"]
[SourceQuality "1"]
[WhiteTeam "France"]
[BlackTeam "Germany"]
[WhiteTeamCountry "FRA"]
[BlackTeamCountry "GER"]
[TimeControl "40/5400+30:1800+30"]

1. e4 {[%emt 0:00:00]} e5 {[%emt 0:00:00]} 2. Nf3 {[%emt 0:00:03]} Nc6 {[%emt 0:00:00]} 3. Bc4 {[%emt 0:00:09]} Nf6 {[%emt 0:00:00]} 4. d3 {[%emt 0:00:08]} Be7 {[%emt 0:00:00]} 5. O-O {[%emt 0:00:10]} O-O {[%emt 0:00:00]} 6. Re1 {[%emt 0:00:04]} d6 {[%emt 0:00:00]} 7. a4 {[%emt 0:00:05]} Na5 {[%emt 0:00:00]} 8. Ba2 {[%emt 0:04:07]} c5 {[%emt 0:00:05]} 9. c3 {[%emt 0:00:45]} Nc6 {[%emt 0:00:05]} 10. Na3 {[%emt 0:00:40]} h6 {[%emt 0:00:04]} 11. Bd2 {[%emt 0:01:03]} Re8 {[%emt 0:00:25]} 12. Nc2 {[%emt 0:00:28]} Bf8 {[%emt 0:00:29]} 13. Ne3 {[%emt 0:00:06]} Be6 {[%emt 0:00:44]} 14. Bxe6 {[%emt 0:00:08]} fxe6 {[%emt 0:00:12]} 15. h3 {[%emt 0:06:06]} a6 {[%emt 0:03:57]} 16. Ng4 {[%emt 0:03:20]} Rc8 {[%emt 0:23:33]} 17. Be3 {[%emt 0:20:50]} Be7 {[%emt 0:18:10]} 18. Nd2 {[%emt 0:03:03]} Nh7 {[%emt 0:05:01]} 19. Qb3 {[%emt 0:07:33]} Bg5 {[%emt 0:07:15]} 20. Nc4 {[%emt 0:04:44]} Rb8 {[%emt 0:07:57]} 21. a5 {[%emt 0:02:24]} Qe7 {[%emt 0:00:33]} 22. Rad1 {[%emt 0:02:01]} Rbd8 {[%emt 0:08:14]} 23. Qb6 {[%emt 0:15:25]} h5 {[%emt 0:02:39]} 24. Nh2 {[%emt 0:00:40]} Bxe3 {[%emt 0:00:40]} 25. Rxe3 {[%emt 0:03:49]} d5 {[%emt 0:04:39]} 26. exd5 {[%emt 0:09:24]} exd5 {[%emt 0:00:05]} 27. Nxe5 {[%emt 0:00:32]} Nxe5 {[%emt 0:00:07]} 28. Rde1 {[%emt 0:00:04]} Qf6 {[%emt 0:07:31]} 29. Qxc5 {[%emt 0:01:11]} Kf7 {[%emt 0:05:13]} 30. d4 {[%emt 0:01:42]} Nc6 {[%emt 0:03:33]} 31. Rxe8 {[%emt 0:01:49]} Rxe8 {[%emt 0:00:09]} 32. Qxd5+ {[%emt 0:00:06]} Re6 {[%emt 0:00:31]} 33. Nf3 {[%emt 0:02:15]} Ke7 {[%emt 0:01:59]} 34. Qc5+ {[%emt 0:00:11]} Kf7 {[%emt 0:01:40]} 35. Qxh5+ {[%emt 0:02:34]} Qg6 {[%emt 0:01:22]} 36. Qd5 {[%emt 0:03:07]} Ke7 {[%emt 0:00:18]} 37. Qc5+ {[%emt 0:00:02]} Kf7 {[%emt 0:00:24]} 38. Qc4 {[%emt 0:00:35]} Nxa5 {[%emt 0:00:55]} 39. Qc7+ {[%emt 0:00:06]} Kf8 {[%emt 0:00:17]} 40. Rxe6 {[%emt 0:00:00]} Qxe6 {[%emt 0:00:00]} 41. Qxa5 {[%emt 0:00:45]} Kg8 {[%emt 0:06:01]} 42. Qe5 {[%emt 0:01:14]} Qb3 {[%emt 0:00:56]} 43. d5 {[%emt 0:01:07]} Nf8 {[%emt 0:01:54]} 44. Nd4 {[%emt 0:00:28]} Qd1+ {[%emt 0:01:42]} 45. Kh2 {[%emt 0:00:04]} Ng6 {[%emt 0:00:42]} 46. Qe6+ {[%emt 0:00:29]} Kh7 {[%emt 0:00:03]} 47. d6 {[%emt 0:00:38]} Qd2 {[%emt 0:00:50]} 48. Qf5 {[%emt 0:00:05]} 1-0

[Event "Mitropa Cup Open 2019"]
[Site "Radenci"]
[Date "2019.05.30"]
[Round "4.17"]
[White "Nguyen, Thai Dai Van"]
[Black "Stella, Andrea"]
[Result "1/2-1/2"]
[WhiteElo "2548"]
[BlackElo "2511"]
[Annotator "TA"]
[PlyCount "97"]
[EventDate "2019.05.27"]
[EventType "team-tourn"]
[EventCountry "SLO"]
[SourceTitle "playchess.com"]
[Source "ChessBase"]
[SourceQuality "1"]
[WhiteTeam "Czech Republic"]
[BlackTeam "Italy"]
[WhiteTeamCountry "CZE"]
[BlackTeamCountry "ITA"]

{[%evp 16,97,12,32,41,36,26,30,32,32,32,32,32,29,34,44,46,37,100,109,120,120,125,125,101,121,109,98,105,100,102,97,104,79,70,77,85,12,25,7,14,9,13,7,7,7,7,11,16,0,64,56,57,0,2,0,61,65,72,64,63,25,60,64,72,66,66,0,0,0,0,0,0,0,0,0,0,0,0,0,0,0,0,0]} 1. e4 c5 2. Nf3 Nc6 3. Nc3 e5 4. Bc4 d6 5. d3 Be7 6. O-O Nf6 7. Ng5 O-O 8. f4 exf4 9. Bxf4 Na5 {B30: Sicilian: 2...Nc6 3 Bb5, lines without ...g6} (9... h6 10. Nf3 Be6 11. Nd5 Qd7 12. c3 Rae8 13. a4 Bd8 14. Qd2 a6 15. Qf2 Bxd5 16. Bxd5 Nxd5 17. exd5 Ne7 18. Qg3 Kh7 19. c4 {0-1 (72) Navara,D (2727)-Krasenkow,M (2631) Poland 2018}) 10. Qd2 Nxc4 11. dxc4 b6 $146 {White has an edge.} ({Predecessor:} 11... h6 12. Nf3 Re8 13. Rad1 Bg4 14. h3 Bh5 15. Bxd6 {½-½ (15) Asadli,V (2449)-Potapov,P (2479) Moscow 2018}) 12. Rad1 h6 13. Nf3 Bb7 14. Qe2 Re8 15. e5 Bf8 16. Qf2 Ng4 (16... Ne4 $14 17. Nxe4 Bxe4) 17. Qg3 $16 Bxf3 18. Qxf3 Nxe5 19. Bxe5 {[%mdl 64] [#] Discovered Attack} Rxe5 20. Qxf7+ Kh8 21. Nd5 Qe8 22. Qf3 Rb8 23. Qd3 Kg8 24. Nf4 Re3 25. Qd5+ Kh7 26. Qf5+ (26. b3 $16) 26... g6 $11 27. Qg4 {Hoping for Nd5.} h5 28. Qh4 Qe4 29. Qf2 {Nd5 is the strong threat.} Bg7 {Threatens to win with ...Rf8.} 30. Rxd6 Rf8 31. Rd7 {aiming for Rxg7+!} ({Don't blunder} 31. Rxg6 $2 Bd4 $19) 31... Qe8 32. Qd2 Rxf4 ({Black should try} 32... Re7 $11 33. Rxe7 Qxe7) 33. Rxf4 $14 {Strongly threatening Rff7!} Re2 $1 {[%cal Re2d2]} 34. Qd3 (34. Rxg7+ $1 $14 Kxg7 35. Qc3+ Kh6 36. Rf3) 34... Re3 $1 $132 {[%cal Re3d3][%mdl 2048] Black is fighting back} 35. Qd2 (35. Rf8 $11 Rxd3 {[#]} 36. Rxg7+ $1 {[%mdl 512]} Kxg7 37. Rxe8) 35... Re2 $1 $14 {[%cal Re2d2]} 36. Rxg7+ $1 Kxg7 {[%mdl 4096] Endgame KQR-KQR} 37. Qc3+ Kg8 38. h4 Qc6 {[%csl Ge2][%cal Rc6g2]} 39. Rf2 Qe4 40. Rxe2 Qxe2 $16 {KQ-KQ} 41. Kh2 (41. g3 $14) 41... Kh7 $11 {The position is equal.} 42. b3 Qf2 43. Qg3 Qxc2 44. Qc7+ Kh6 45. Qe5 {[%cal Re5h8]} Kh7 46. Qe7+ Kh6 47. Qf8+ Kh7 48. Qe7+ Kh6 49. Qf8+ {Accuracy: White = 63%, Black = 74%.} 1/2-1/2

[Event "Mitropa Cup Open 2019"]
[Site "Radenci"]
[Date "2019.05.30"]
[Round "4.18"]
[White "Sonis, Francesco"]
[Black "Vykouk, Jan"]
[Result "0-1"]
[WhiteElo "2475"]
[BlackElo "2451"]
[Annotator "ChessBase"]
[PlyCount "100"]
[EventDate "2019.05.27"]
[EventType "team-tourn"]
[EventCountry "SLO"]
[SourceTitle "playchess.com"]
[Source "ChessBase"]
[SourceQuality "1"]
[WhiteTeam "Italy"]
[BlackTeam "Czech Republic"]
[WhiteTeamCountry "ITA"]
[BlackTeamCountry "CZE"]
[TimeControl "40/5400+30:1800+30"]

1. d4 {[%emt 0:00:00]} e6 {[%emt 0:00:00]} 2. e4 {[%emt 0:00:00]} d5 {[%emt 0:00:00]} 3. Nd2 {[%emt 0:00:00]} c5 {[%emt 0:00:18]} 4. dxc5 {[%emt 0:00:00]} Bxc5 {[%emt 0:01:30]} 5. exd5 {[%emt 0:00:01]} Qxd5 {[%emt 0:02:00]} 6. Ngf3 {[%emt 0:00:09]} Nf6 {[%emt 0:00:30]} 7. Bc4 {[%emt 0:01:13]} Qh5 {[%emt 0:02:01]} 8. O-O {[%emt 0:02:45]} O-O {[%emt 0:00:05]} 9. Qe2 {[%emt 0:00:45]} a6 {[%emt 0:06:54]} 10. Ne4 {[%emt 0:07:00]} Nxe4 {[%emt 0:00:07]} 11. Qxe4 {[%emt 0:00:03]} Nd7 {[%emt 0:00:19]} 12. Bg5 {[%emt 0:04:10]} Qg6 {[%emt 0:10:05]} 13. Qe2 {[%emt 0:06:07]} b5 {[%emt 0:00:15]} 14. Bd3 {[%emt 0:00:33]} f5 {[%emt 0:00:12]} 15. Be3 {[%emt 0:16:17]} Bb7 {[%emt 0:02:07]} 16. Rfe1 {[%emt 0:05:29]} Be7 {[%emt 0:10:00]} 17. Bf4 {[%emt 0:17:04]} e5 {[%emt 0:00:30]} 18. Bxe5 {[%emt 0:00:04]} Nxe5 {[%emt 0:00:05]} 19. Qxe5 {[%emt 0:00:03]} Bxf3 {[%emt 0:00:08]} 20. Qe6+ {[%emt 0:00:03]} Qxe6 {[%emt 0:00:13]} 21. Rxe6 {[%emt 0:00:04]} Kf7 {[%emt 0:00:15]} 22. Rae1 {[%emt 0:00:04]} Be4 {[%emt 0:00:15]} 23. Bxe4 {[%emt 0:00:06]} fxe4 {[%emt 0:00:09]} 24. R6xe4 {[%emt 0:00:03]} Bf6 {[%emt 0:00:12]} 25. c3 {[%emt 0:00:38]} Rfe8 {[%emt 0:01:07]} 26. Kf1 {[%emt 0:00:09]} Rxe4 {[%emt 0:00:56]} 27. Rxe4 {[%emt 0:00:03]} Re8 {[%emt 0:00:06]} 28. Rf4 {[%emt 0:00:02]} Re5 {[%emt 0:01:09]} 29. a4 {[%emt 0:00:53]} Ke6 {[%emt 0:00:53]} 30. h4 {[%emt 0:06:24]} Kd5 {[%emt 0:01:21]} 31. axb5 {[%emt 0:05:07]} axb5 {[%emt 0:00:05]} 32. Rb4 {[%emt 0:03:26]} Kc5 {[%emt 0:00:28]} 33. g3 {[%emt 0:00:03]} Re6 {[%emt 0:00:35]} 34. Rf4 {[%emt 0:00:28]} Kb6 {[%emt 0:04:28]} 35. Rf5 {[%emt 0:04:13]} Re4 {[%emt 0:00:46]} 36. Rd5 {[%emt 0:01:52]} Kc6 {[%emt 0:00:23]} 37. Rd2 {[%emt 0:00:57]} Kc5 {[%emt 0:03:40]} 38. f3 {[%emt 0:00:29]} Re7 {[%emt 0:00:40]} 39. Kf2 {[%emt 0:00:42]} Kc4 {[%emt 0:00:07]} 40. f4 {[%emt 0:00:00]} h5 {[%emt 0:00:00]} 41. Kf3 {[%emt 0:01:46]} Re8 {[%emt 0:05:51]} 42. Rd7 {[%emt 0:00:48]} Rb8 {[%emt 0:00:40]} 43. Ke4 {[%emt 0:00:34]} Kb3 {[%emt 0:00:10]} 44. Rd2 {[%emt 0:00:59]} Rd8 {[%emt 0:01:55]} 45. Rg2 {[%emt 0:00:06]} Rd1 {[%emt 0:00:06]} 46. Kf5 {[%emt 0:01:28]} Rb1 {[%emt 0:00:08]} 47. g4 {[%emt 0:00:02]} hxg4 {[%emt 0:01:25]} 48. h5 {[%emt 0:00:15]} Rxb2 {[%emt 0:00:38]} 49. Rxb2+ {[%emt 0:00:04]} Kxb2 {[%emt 0:00:05]} 50. h6 {[%emt 0:00:01]} gxh6 {[%emt 0:00:18]} 0-1

[Event "Mitropa Cup Open 2019"]
[Site "Radenci"]
[Date "2019.05.30"]
[Round "4.19"]
[White "Kraus, Tomas"]
[Black "Shytaj, Luca"]
[Result "1/2-1/2"]
[WhiteElo "2463"]
[BlackElo "2490"]
[Annotator "ChessBase"]
[PlyCount "153"]
[EventDate "2019.05.27"]
[EventType "team-tourn"]
[EventCountry "SLO"]
[SourceTitle "playchess.com"]
[Source "ChessBase"]
[SourceQuality "1"]
[WhiteTeam "CZE"]
[BlackTeam "ITA"]
[WhiteTeamCountry "CZE"]
[TimeControl "40/5400+30:1800+30"]

1. e4 {[%emt 0:00:00]} c5 {[%emt 0:00:00]} 2. Nf3 {[%emt 0:00:00]} d6 {[%emt 0:00:00]} 3. Nc3 {[%emt 0:00:45]} a6 {[%emt 0:00:07]} 4. g3 {[%emt 0:01:25]} Nc6 {[%emt 0:01:05]} 5. Bg2 {[%emt 0:03:11]} g6 {[%emt 0:00:55]} 6. d4 {[%emt 0:01:34]} cxd4 {[%emt 0:03:40]} 7. Nxd4 {[%emt 0:00:06]} Bd7 {[%emt 0:04:18]} 8. Be3 {[%emt 0:03:38]} Nf6 {[%emt 0:03:07]} 9. h3 {[%emt 0:00:11]} Bg7 {[%emt 0:05:49]} 10. O-O {[%emt 0:02:46]} O-O {[%emt 0:03:56]} 11. Nde2 {[%emt 0:05:13]} Rc8 {[%emt 0:27:15]} 12. b3 {[%emt 0:05:08]} b5 {[%emt 0:01:39]} 13. Nd5 {[%emt 0:21:24]} Be6 {[%emt 0:10:45]} 14. Qd2 {[%emt 0:03:00]} Nd7 {[%emt 0:02:22]} 15. Rad1 {[%emt 0:01:10]} Nc5 {[%emt 0:01:43]} 16. Kh2 {[%emt 0:06:29]} f5 {[%emt 0:03:16]} 17. exf5 {[%emt 0:01:04]} Bxf5 {[%emt 0:02:10]} 18. g4 {[%emt 0:04:39]} Be6 {[%emt 0:00:58]} 19. f4 {[%emt 0:02:48]} Bf7 {[%emt 0:00:18]} 20. Bf2 {[%emt 0:03:43]} Nd7 {[%emt 0:05:11]} 21. Bh4 {[%emt 0:03:02]} Nb6 {[%emt 0:01:01]} 22. Nec3 {[%emt 0:08:24]} b4 {[%emt 0:01:18]} 23. Nxb6 {[%emt 0:02:03]} Qxb6 {[%emt 0:00:12]} 24. Nd5 {[%emt 0:00:52]} Qa5 {[%emt 0:01:23]} 25. Bxe7 {[%emt 0:02:21]} Qxa2 {[%emt 0:07:01]} 26. Bxf8 {[%emt 0:01:06]} Rxf8 {[%emt 0:00:32]} 27. g5 {[%emt 0:02:22]} Nd4 {[%emt 0:01:06]} 28. Nf6+ {[%emt 0:02:34]} Bxf6 {[%emt 0:00:06]} 29. gxf6 {[%emt 0:00:02]} Nf5 {[%emt 0:00:16]} 30. Be4 {[%emt 0:03:44]} Qa5 {[%emt 0:02:24]} 31. Ra1 {[%emt 0:01:31]} Qc5 {[%emt 0:00:31]} 32. Rxa6 {[%emt 0:00:59]} Be6 {[%emt 0:00:41]} 33. Rc6 {[%emt 0:02:50]} Qa5 {[%emt 0:00:51]} 34. Qd3 {[%emt 0:03:06]} Rxf6 {[%emt 0:01:25]} 35. Qa6 {[%emt 0:01:37]} Qd8 {[%emt 0:00:27]} 36. Bd5 {[%emt 0:00:36]} Kg7 {[%emt 0:01:12]} 37. Bg2 {[%emt 0:01:13]} Rf7 {[%emt 0:01:23]} 38. Qa1+ {[%emt 0:00:15]} Kh6 {[%emt 0:01:06]} 39. Qe1 {[%emt 0:01:38]} Bd7 {[%emt 0:00:19]} 40. Ra6 {[%emt 0:00:00]} Bb5 {[%emt 0:00:00]} 41. Ra8 {[%emt 0:02:09]} Qf6 {[%emt 0:02:49]} 42. Rf2 {[%emt 0:04:18]} Qh4 {[%emt 0:05:39]} 43. Kg1 {[%emt 0:01:32]} Qg3 {[%emt 0:01:11]} 44. Rc8 {[%emt 0:11:57]} Re7 {[%emt 0:07:54]} 45. Qxb4 {[%emt 0:02:06]} Nh4 {[%emt 0:05:28]} 46. Qxb5 {[%emt 0:07:01]} Re1+ {[%emt 0:00:32]} 47. Qf1 {[%emt 0:00:04]} Rxf1+ {[%emt 0:00:37]} 48. Kxf1 {[%emt 0:00:04]} Qe3 {[%emt 0:01:19]} 49. Rc7 {[%emt 0:02:01]} Qc1+ {[%emt 0:00:34]} 50. Ke2 {[%emt 0:00:04]} Nf5 {[%emt 0:00:11]} 51. Rc3 {[%emt 0:02:10]} Nd4+ {[%emt 0:02:21]} 52. Kd3 {[%emt 0:00:01]} Ne6 {[%emt 0:01:47]} 53. Rc4 {[%emt 0:00:39]} Qd1+ {[%emt 0:02:10]} 54. Rd2 {[%emt 0:00:30]} Qe1 {[%emt 0:01:06]} 55. Kc3 {[%emt 0:01:36]} Nxf4 {[%emt 0:01:41]} 56. Rxf4 {[%emt 0:01:21]} Qe3+ {[%emt 0:00:08]} 57. Rd3 {[%emt 0:00:20]} Qxf4 {[%emt 0:00:08]} 58. Bd5 {[%emt 0:00:17]} Qf6+ {[%emt 0:01:34]} 59. Kc4 {[%emt 0:00:56]} Qb2 {[%emt 0:00:56]} 60. c3 {[%emt 0:00:38]} Kg5 {[%emt 0:00:28]} 61. Rf3 {[%emt 0:00:51]} Kh4 {[%emt 0:00:37]} 62. Kb5 {[%emt 0:00:20]} g5 {[%emt 0:00:40]} 63. b4 {[%emt 0:00:46]} h5 {[%emt 0:01:31]} 64. c4 {[%emt 0:00:07]} g4 {[%emt 0:00:44]} 65. hxg4 {[%emt 0:00:04]} hxg4 {[%emt 0:00:06]} 66. Rf8 {[%emt 0:00:30]} Kg5 {[%emt 0:00:23]} 67. Ka5 {[%emt 0:01:45]} g3 {[%emt 0:00:56]} 68. b5 {[%emt 0:00:38]} Qg7 {[%emt 0:00:55]} 69. Re8 {[%emt 0:00:41]} Qa7+ {[%emt 0:00:29]} 70. Kb4 {[%emt 0:00:05]} Qd4 {[%emt 0:01:45]} 71. Rg8+ {[%emt 0:00:17]} Kf4 {[%emt 0:00:41]} 72. Ka5 {[%emt 0:00:12]} Qa7+ {[%emt 0:01:10]} 73. Kb4 {[%emt 0:00:01]} Qb6 {[%emt 0:00:15]} 74. Ka4 {[%emt 0:00:44]} Qd4 {[%emt 0:02:03]} 75. Ka5 {[%emt 0:00:23]} Qa7+ {[%emt 0:00:26]} 76. Kb4 {[%emt 0:00:02]} Qc5+ {[%emt 0:02:27]} 77. Ka5 {[%emt 0:00:04]} 1/2-1/2